Music Quiz

Random Music Quiz
Score 0/258 Timer 10:00
0 Plays Today
Answer % Correct
It
97%
me
97%
it
97%
me
97%
I
93.9%
your
93.9%
made
93.9%
to
93.9%
I
93.9%
I
93.9%
want
93.9%
to
93.9%
want
93.9%
to
93.9%
I
93.9%
want
93.9%
to
93.9%
I
93.9%
I
93.9%
be
93.9%
I
93.9%
I
93.9%
I
93.9%
I
93.9%
to
93.9%
be,
93.9%
I
93.9%
want
93.9%
to
93.9%
I
93.9%
be
93.9%
your
93.9%
I
93.9%
want
93.9%
to
93.9%
want
93.9%
to
93.9%
I
93.9%
want
93.9%
to
93.9%
I
93.9%
I
93.9%
be
93.9%
I
93.9%
I
93.9%
I
93.9%
I
93.9%
to
93.9%
be,
93.9%
your
93.9%
I
93.9%
I
93.9%
be
93.9%
I
93.9%
I
93.9%
I
93.9%
I
93.9%
to
93.9%
be,
93.9%
really
90.9%
feel
90.9%
like
90.9%
****
90.9%
You
90.9%
the
90.9%
You
90.9%
you
90.9%
Like
90.9%
You
90.9%
you
90.9%
And
90.9%
the
90.9%
you
90.9%
the
90.9%
you
90.9%
you
90.9%
you
90.9%
the
90.9%
you?
90.9%
and
90.9%
you
90.9%
You
90.9%
you
90.9%
And
90.9%
the
90.9%
you
90.9%
Answer % Correct
you
90.9%
you
90.9%
And
90.9%
the
90.9%
you
90.9%
you
90.9%
missed
87.9%
call
87.9%
again
87.9%
never
87.9%
love
87.9%
wish
87.9%
could
87.9%
everything
87.9%
wish
87.9%
could
87.9%
wish
87.9%
could
87.9%
need
87.9%
I'll
87.9%
never
87.9%
never
87.9%
everything
87.9%
I'll
87.9%
love
87.9%
wish
87.9%
could
87.9%
everything
87.9%
wish
87.9%
could
87.9%
wish
87.9%
could
87.9%
need
87.9%
I'll
87.9%
never
87.9%
never
87.9%
everything
87.9%
Everything
87.9%
wish
87.9%
could
87.9%
everything
87.9%
wish
87.9%
could
87.9%
wish
87.9%
could
87.9%
need
87.9%
I'll
87.9%
never
87.9%
never
87.9%
Everything
87.9%
say
84.8%
I'm
84.8%
you're
84.8%
you're
84.8%
say
84.8%
what
84.8%
but
84.8%
see,
84.8%
you're
84.8%
You're
84.8%
say
84.8%
I'm
84.8%
you're
84.8%
you're
84.8%
say
84.8%
what
84.8%
but
84.8%
see,
84.8%
you're
84.8%
you're
84.8%
what
84.8%
What
84.8%
what
84.8%
you're
84.8%
you're
84.8%
say
84.8%
what
84.8%
but
84.8%
see,
84.8%
what
84.8%
you're
84.8%
you're
84.8%
what
84.8%
is
81.8%
worth
81.8%
risk
81.8%
Answer % Correct
on
81.8%
needing
81.8%
all
81.8%
things
81.8%
needing
81.8%
on
81.8%
all
81.8%
all
81.8%
all
81.8%
needing
81.8%
all
81.8%
things
81.8%
needing
81.8%
needing
81.8%
Is
81.8%
Is
81.8%
needing
81.8%
all
81.8%
things
81.8%
needing
81.8%
needing
81.8%
Is
81.8%
this
78.8%
that
78.8%
make
78.8%
bleed
78.8%
seeking
78.8%
that
78.8%
bleed
78.8%
seeking
78.8%
this
78.8%
this
78.8%
seeking
78.8%
this
78.8%
for
75.8%
keep
75.8%
up
75.8%
through
75.8%
breathe
75.8%
find
75.8%
hear
75.8%
do
75.8%
breathe
75.8%
find
75.8%
hear
75.8%
needed
75.8%
needed?
75.8%
needed?
75.8%
find
75.8%
hear
75.8%
needed?
75.8%
we
72.7%
of
72.7%
of
72.7%
too
72.7%
there's
69.7%
complaining
69.7%
checking
69.7%
am
69.7%
Have
69.7%
thought
69.7%
same
69.7%
thought
69.7%
will
69.7%
if
69.7%
reasons
66.7%
believing
66.7%
circles
66.7%
can't
66.7%
way
66.7%
I've
66.7%
alone
66.7%
certain
63.6%
than
63.6%
light
63.6%
stay
63.6%
not
63.6%
scared
63.6%
get
63.6%
close
63.6%
cast
60.6%
squares
57.6%
future's
57.6%
brighter
57.6%
muddy
51.5%
colors
51.5%
Remove Ads.
Support Sporcle.
Get the best of Sporcle when you Go Orange. This ad-free experience offers more features, more stats, and more fun while also helping to support Sporcle. Thank you for becoming a member.

You're not logged in!

Compare scores with friends on all Sporcle quizzes.
OR
Log In

Show Comments

Extras

Created Dec 20, 2018ReportNominate
Tags:confidence

Top Quizzes Today


Score Distribution

Your Account Isn't Verified!

In order to create a playlist on Sporcle, you need to verify the email address you used during registration. Go to your Sporcle Settings to finish the process.

Report this User

Report this user for behavior that violates our Community Guidelines.

Details: